000 00685nam a2200217 u 4500
005 20230616132003.0
008 161129s2006 cl r 000 0 spa d
020 _a9789583022364
020 _a9583022365
035 _aUPN01000214996
049 _aI
050 4 _aPZ10.3
_bB3.4
100 1 _aBarber, Tom
_939958
245 1 3 _aLa historia de dos cabras /
_cTom Barber ; il. por Rosalind Beardshaw ; tr. Diana Esperanza Gómez.
260 _aBogotá :
_bPanamericana,
_c2006.
300 _a32 p. :
_bil.
534 _pTítulo original:
_tA tale of two goats
650 4 _aCuentos infantiles ingleses
_910002
650 7 _aCabras
_vCuentos y leyendas
_2
_925537
905 _aInfantil
999 _c187096
_d187096